| 000 | 01138nam a22003257a 4500 | ||
|---|---|---|---|
| 001 | 369 | ||
| 003 | FISKH | ||
| 005 | 20241216164034.0 | ||
| 008 | 230329b cb ||||| |||| 00| 0 eng d | ||
| 020 | _a9780439567060 | ||
| 040 |
_aOCO _cOCO _dDLC _dFISKH _beng |
||
| 042 | _alccopycat | ||
| 043 | _an-us--- | ||
| 050 | 0 | 0 |
_aE441 _b.K36 2004 |
| 082 | 0 | 0 |
_a973.7/1 _222 |
| 100 | 1 | _aKamma, Anne. | |
| 245 | 1 | 0 |
_aIf you lived when there was slavery in America / _cby Anne Kamma ; illustrated by Pamela Johnson. |
| 260 |
_aNew York : _bScholastic, _c2004. |
||
| 300 |
_a62 pages. : _bcol. ill., col. maps ; _c19 x 23 cm. |
||
| 505 | _aM | ||
| 521 | 8 |
_a800
_bLexile |
|
| 521 | 8 |
_aM
_bRaz-Plus |
|
| 650 | 0 |
_aSlavery _zUnited States _xHistory _vJuvenile literature. |
|
| 650 | 0 |
_aSlaves _zUnited States _xSocial conditions _vJuvenile literature. |
|
| 700 | 1 |
_aJohnson, Pamela, _d1949- |
|
| 856 | 4 | 2 |
_3Publisher description _uhttp://www.loc.gov/catdir/description/schol051/2004541334.html |
| 906 |
_a7 _bcbc _ccopycat _d2 _encip _f20 _gy-gencatlg |
||
| 942 |
_2ddc _cBK _n0 |
||
| 999 |
_c369 _d369 |
||